| 000 | 00618nam a2200241Ia 4500 | ||
|---|---|---|---|
| 005 | 20250425162827.0 | ||
| 008 | 250425s9999 xx 000 0 und d | ||
| 020 | _a9781118651650 | ||
| 041 | _aeng | ||
| 044 | _a-us | ||
| 082 |
_a624.151363 _pDUN |
||
| 100 | _aDUNCAN, J MICHAEL | ||
| 245 | 0 | _aSOIL STRENGTH AND SLOPE STABILITY | |
| 250 | _a2ND ED. | ||
| 264 |
_aEstados Unidos, HOBOKEN _bJOHN WILEY & SONS LTD. _c2014. |
||
| 300 | _a317 | ||
| 362 | _aS/N | ||
| 650 | _aPENDIENTES (MECANICA DE SUELOS) | ||
| 700 | _aBRANDON, THOMAS L | ||
| 700 | _aWRIGHT, STEPHEN G | ||
| 942 | _c01 | ||
| 010 | _a110572 | ||
| 999 |
_c237262 _d237262 |
||